<?xml version="1.0" encoding="UTF-8"?><?xml-stylesheet type="text/xsl" href="static/style.xsl"?><OAI-PMH xmlns="http://www.openarchives.org/OAI/2.0/" xmlns:xsi="http://www.w3.org/2001/XMLSchema-instance" xsi:schemaLocation="http://www.openarchives.org/OAI/2.0/ http://www.openarchives.org/OAI/2.0/OAI-PMH.xsd"><responseDate>2026-04-13T02:11:31Z</responseDate><request verb="GetRecord" identifier="oai:www.recercat.cat:2117/336995" metadataPrefix="marc">https://recercat.cat/oai/request</request><GetRecord><record><header><identifier>oai:recercat.cat:2117/336995</identifier><datestamp>2025-07-24T17:58:42Z</datestamp><setSpec>com_2072_1033</setSpec><setSpec>col_2072_452951</setSpec></header><metadata><record xmlns="http://www.loc.gov/MARC21/slim" xmlns:dcterms="http://purl.org/dc/terms/" xmlns:xsi="http://www.w3.org/2001/XMLSchema-instance" xmlns:doc="http://www.lyncode.com/xoai" xsi:schemaLocation="http://www.loc.gov/MARC21/slim http://www.loc.gov/standards/marcxml/schema/MARC21slim.xsd">
   <leader>00925njm 22002777a 4500</leader>
   <datafield ind2=" " ind1=" " tag="042">
      <subfield code="a">dc</subfield>
   </datafield>
   <datafield ind2=" " ind1=" " tag="720">
      <subfield code="a">Rovira Herrero, Gisela</subfield>
      <subfield code="e">author</subfield>
   </datafield>
   <datafield ind2=" " ind1=" " tag="260">
      <subfield code="c">2020-10-06</subfield>
   </datafield>
   <datafield ind2=" " ind1=" " tag="520">
      <subfield code="a">El projecte d’una residència per a gent gran i d’un casal infantil al casc antic del Poblenou pretén satisfer les necessitats d’un barri compromès amb la ciutadania, en un districte amb la densitat de població més alta de Barcelona. &#xd;
&#xd;
L’illa en la que es troba el projecte està compresa entre els carrers Lull, Bilbao, Marià Aguió i el passatge de Saladrigas. &#xd;
&#xd;
Els passatges formen part del paisatge urbà característic i patrimonial del Poblenou. Quan la trama Cerdà es va estendre per la ciutat de Barcelona, les edificacions inicials del Poblenou es consolidaven amb els seus carrers estrets i passatges que mantenen les traces corresponents al parcel·lari inicial i alguns dels camins rurals que l’estructuraven. El Poblenou que coneixem avui en dia és fruit tant de la permanència de carrers, passatges i traces històriques com de la evolució del Pla Cerdà, que es va adaptar amb certes discontinuïtats. &#xd;
&#xd;
El nou passatge que travessa l’illa ajuda a incentivar la vida dins un interior d’illa que actualment té plans d’un projecte urbanístic d’espai públic, fent-la així molt més dinàmica i accessible, dotant a aquest barri d’un espai públic i verd. Així doncs, amb l’aportació d’aquest nou equipament dual permet donar-li visibilitat i activitat, lligant estretament a dos grups generacionals que tenen molt en comú.</subfield>
   </datafield>
   <datafield tag="653" ind2=" " ind1=" ">
      <subfield code="a">Àrees temàtiques de la UPC::Urbanisme::Projecte urbà</subfield>
   </datafield>
   <datafield tag="653" ind2=" " ind1=" ">
      <subfield code="a">Old age homes -- Spain -- Barcelona</subfield>
   </datafield>
   <datafield tag="653" ind2=" " ind1=" ">
      <subfield code="a">Older people -- Dwellings -- Spain -- Barcelona</subfield>
   </datafield>
   <datafield tag="653" ind2=" " ind1=" ">
      <subfield code="a">Public buildings -- Spain -- Barcelona</subfield>
   </datafield>
   <datafield tag="653" ind2=" " ind1=" ">
      <subfield code="a">Youth centers -- Spain -- Barcelona</subfield>
   </datafield>
   <datafield tag="653" ind2=" " ind1=" ">
      <subfield code="a">Persones grans -- Habitatges -- Catalunya -- Poblenou</subfield>
   </datafield>
   <datafield tag="653" ind2=" " ind1=" ">
      <subfield code="a">Residències de persones grans -- Poblenou (Barcelona, Catalunya)</subfield>
   </datafield>
   <datafield tag="653" ind2=" " ind1=" ">
      <subfield code="a">Persones grans -- Habitatges -- Poblenou (Barcelona, Catalunya)</subfield>
   </datafield>
   <datafield tag="653" ind2=" " ind1=" ">
      <subfield code="a">Edificis públics -- Poblenou (Barcelona, Catalunya)</subfield>
   </datafield>
   <datafield tag="653" ind2=" " ind1=" ">
      <subfield code="a">Casals de joves -- Poblenou (Barcelona, Catalunya)</subfield>
   </datafield>
   <datafield ind2="0" ind1="0" tag="245">
      <subfield code="a">Residència per a gent gran i casal infantil al nucli antic del Poblenou</subfield>
   </datafield>
</record></metadata></record></GetRecord></OAI-PMH>